000 00834nam a2200253Ia 4500
003 OSt
005 20221005112509.0
006 a|||||r|||| 00| 0
007 ta
008 221004b |||||||| |||| 00| 0 pan d
020 _c200
024 _a17814
037 _b928, 27/03/2015, H.K. Prakashan
_cTextual
040 _aCRL
_cCRL
_bpan
041 _2pan
_apan
082 _aO153,3NRA,MA, P9
100 _aਰਾਓ, ਗੁਰਚਰਨ ਸਿੰਘ
245 0 _aਮFਾਲਚੀ
260 _aਚੰਡੀਗੜ
_bਲੋਕਗੀਤ ਪ੍ਰਕਾFਨ ਭਾਰਤ
_c2009
300 _a228ਪੰ
_ccm.
650 _aਪੰਜਾਬੀ ਸਾਹਿਤ
942 _hO153,3NRA,MA, P9
_cTEXL
_2cc
999 _c1025061
_d1025061